College Quizbowl Stats
College Quizbowl Stats
Circuits
Seasons
Sets
Records
Detailed Stats
About
Loading...
Northeast
Tossups
Bonuses
Players
Teams
Categories (Tossup)
Categories (Bonus)
Ming Yi Li
Boston College B
Categories
Category
Powers
Gets
Negs
BBs
Points
Earliest Buzz
Avg. Buzz
First Buzzes
Top 3 Buzzes
BPA
PVF
Fine Arts - Painting and Sculpture
0
3
0
1
30
82
107.00
0
0
5.10
12.50
Fine Arts - Other
0
1
0
0
10
97
97.00
0
0
2.42
2.50
History - Other
0
1
0
0
10
120
120.00
0
0
0.00
0.83
Other Academic
0
1
0
0
10
72
72.00
0
0
9.62
18.75
Buzzes
Category
Answer
Value
Buzz Position
Other Academic
tofu
10
72
Fine Arts - Painting and Sculpture
weddings
10
82
Fine Arts - Other
Marilyn Monroe
10
97
Fine Arts - Painting and Sculpture
Whistler
10
117
History - Other
Pierre Elliott Trudeau
10
120
Fine Arts - Painting and Sculpture
scrolls
10
122
Previous
1
Next